000 00309nam a2200121Ia 4500
008 190902s9999||||xx |||||||||||||| ||und||
020 _a007-124421-2
100 _aMona Clark
245 0 _aInterpersonal Skills for Hospitality Management
260 _aLondon
_bPrentice Hall
_c1996
300 _a210
942 _cBK
999 _c2862
_d2862